Medicamentos y salud (Registro nro. 1210)

Detalles MARC
000 -LEADER
fixed length control field 00514nas a22001577a 4500
008 - CAMPO DE CONTROL RECURSOS CONTINUADOS
fixed length control field 130305t20009999ag ||||| |||| 00| 0 spa d
022 ## - INTERNATIONAL STANDARD SERIAL NUMBER
International Standard Serial Number 0329-2169
245 ## - TITULO
Titulo Medicamentos y salud
260 ## - PUBLICACION, DISTRIBUCION, ETC. (PIE DE IMPRENTA)
Lugar de publicación, distribución, etc La Plata:
Nombre de la editorial, distribuidor, etc. Grupo Argentino para el uso Racional del Medicamento,
Fecha de publicación 2000
300 ## - DESCRIPCION FISICA
Extensión v. :
546 ## - NOTA DE IDIOMA
Nota de lenguaje español
590 ## - NOTAS LOCALES (RLIN)
Nota local Existencias: 2000 3(1)<br/>BAJA DEPOSITO (CAJA 21) MAYO 2019
650 ## - MATERIA-TERMINO TEMATICO
Término temático PREPARACIONES FARMACEUTICAS
9 (RLIN) 1907
856 ## - LOCALIZACION ELECTRONICA Y ACCESO
Identificador Uniforme de Recurso (URI) <a href="http://www.femeba.org.ar/index.php?op=4&sop=296">http://www.femeba.org.ar/index.php?op=4&sop=296</a>
942 ## - ADDED ENTRY ELEMENTS (KOHA)
Source of classification or shelving scheme Dewey Decimal Classification
Item type Continuing Resources

No hay ítems disponibles.


UNIVERSIDAD NACIONAL DEL COMAHUE
Biblioteca de la Facultad de Ciencias Médicas
Sede Toschi: Los Arrayanes y Av. Toschi, Cipolletti  - Rio Negro
Sede Los Tordos:  Yrigoyen al 2211, Cipolletti - Rio Negro 

Teléfono: 0299 - 4774707 int 25
Contacto: biblioteca@facimed.uncoma.edu.ar
© 2011 - 2026